书目信息 |
| 题名: |
社会主义辩证法的理论与应用
|
|
| 作者: | 张江明 著 | |
| 分册: | ||
| 出版信息: | 北京 人民出版社 1990.12 |
|
| 页数: | 478页 | |
| 开本: | 19厘米 | |
| 丛书名: | ||
| 单 册: | ||
| 中图分类: | B024 | |
| 科图分类: | ||
| 主题词: | 唯物辩证法 | |
| 电子资源: | ||
| ISBN: | 978-7-01-000733-5 | |
| 000 | 00798nam 2200229 450 | |
| 001 | 0100325025 | |
| 005 | 20150305140156.0 | |
| 010 | @a978-7-01-000733-5@dCNY5.30 | |
| 100 | @a20021005d1990 em y0chiy0110 ea | |
| 101 | 0 | @achi |
| 102 | @aCN@b110000 | |
| 105 | @ay z 000yy | |
| 106 | @ar | |
| 200 | 1 | @a社会主义辩证法的理论与应用@9She Hui;Kuai Zhu Yi Bian Zheng Fa De;Di Li Lun Yu Ying Yong @f张江明著@b专著 |
| 210 | @a北京@c人民出版社@d1990.12 | |
| 215 | @a478页@d19厘米 | |
| 330 | @a本书阐述了社会主义社会的矛盾律、质量互变以及否定之否定规律,对社会主义社会的辩证发展特别是实际工作中的社会主义辩证法问题作了深入的探讨。 | |
| 606 | 0 | @a唯物辩证法 |
| 690 | @aB024 | |
| 701 | 0 | @a张江明@f(1921.3~)@9zhang jiang ming@4著 |
| 801 | 0 | @aCN@bAiZhiMarc@c19910412 |
| 905 | @aBZT@dB024@e5@f2@sB024/5 | |
| 社会主义辩证法的理论与应用/张江明著.-北京:人民出版社,1990.12 |
| 478页;19厘米 |
| ISBN 978-7-01-000733-5:CNY5.30 |
| 本书阐述了社会主义社会的矛盾律、质量互变以及否定之否定规律,对社会主义社会的辩证发展特别是实际工作中的社会主义辩证法问题作了深入的探讨。 |
| ● |
| 相关链接 |
|
|
|
正题名:社会主义辩证法的理论与应用
索取号:B024/5
 
预约/预借
| 序号 | 登录号 | 条形码 | 馆藏地/架位号 | 状态 | 备注 |
| 1 | 2000115786 | 2000115786 | 旧书回溯/ [索取号:B024/5] | 在馆 | |
| 2 | 2000115787 | 2000115787 | 旧书回溯/ [索取号:B024/5] | 在馆 |